| 000 | 01082 a2200229 4500 | ||
|---|---|---|---|
| 001 | 32082 | ||
| 005 | 20260407155621.0 | ||
| 008 | 260407a1968 arg spa d | ||
| 003 | AR-UNSa-BCEJYS | ||
| 040 |
_aAR-UNSa-BCEJYS _bspa _cAR-UNSa-BCEJYS |
||
| 080 |
_a(031)658 _xEnciclopedía de Administración |
||
| 245 | 1 | 0 | _aEstudio de rentabilidad |
| 250 | _a3a. ed. | ||
| 264 | 1 |
_aBilbao : _bEdiciones Deusto _c1968 |
|
| 300 |
_a222 p. _c22 cm. |
||
| 505 | _a1.La rentabilidad - 2. Resumen de elementos contables y documentos de gestión - 3. Practicas de estudio de renatbilidad - 4. Datos de base utilizados en los estudios de rentabilidad - 5. La función de producción - 6. Funciones auxiliares de producción - 7. La función de aprvisionamiento - 8. La función venta - 9. La función de investigación y de concepción - 10. Los stock y los productos en curso - 11. Las invesiones - 12. Las fabricaciones. | ||
| 041 | _aspa | ||
| 942 | _cBK | ||
| 590 | _aniveau_biblio:m niveau_hierar:0 | ||
| 100 | 1 | _aFranquet, Antoine | |
| 700 | 1 | _aGómez de Enterría de Laforgue, Pilar | |
| 999 |
_c2244 _d2244 |
||